000 00974nam a2200229Ia 4500
999 _c53028
_d53028
001 20062
003 GE_BSU
005 20230607122751.0
008 181216s1988ge xx |||||||||||||| ||geo||
040 _cGE_BSU
041 _ageo
080 _a821.14'01(092) მ-68
100 _aმიმინოშვილი, რ. (რომან)
_918537
245 _aჰომეროსის სამყარო /
_cრ. (რომან) მიმინოშვილი, რედ. ნიმა ანთელავა
250 _aI-ლი გამოცემა
264 _aთბილისი :
_bნაკადული,
_c1988.
300 _a278 გვ. ;
_b 20 სმ.
653 _aჰომეროსი; ძველი ბერძნული ლიტერატურა
653 _aჰომეროსის სამყარო
700 _aანთელავა, ნიმა
_eრედაქტორი
_918538
942 _cBK
_2udc